logo

Bir Sreshtho Munshi Abdur Rouf Library
Jhenaidah Cadet College

Macbeth / (Record no. 4163)

MARC details
000 -LEADER
fixed length control field 00710nam a2200253 a 4500
001 - CONTROL NUMBER
JCCL Control Number 4163
003 - CONTROL NUMBER IDENTIFIER
JCCL marc code BD-JhCC
005 - DATE AND TIME OF LATEST TRANSACTION
control field 20171123184243.0
008 - FIXED-LENGTH DATA ELEMENTS--GENERAL INFORMATION
fixed length control field 171123r2002 ii |||| |||| 000 0 eng d
020 ## - INTERNATIONAL STANDARD BOOK NUMBER
International Standard Book Number 8189940732
020 ## - INTERNATIONAL STANDARD BOOK NUMBER
International Standard Book Number 9788189940737
020 ## - INTERNATIONAL STANDARD BOOK NUMBER
International Standard Book Number 9781281359636
035 ## - SYSTEM CONTROL NUMBER
system control number (BD-JhCC)4163
040 ## - CATALOGING SOURCE
Original cataloging agency BD-JhCC
Modifying agency BD-JhCC
041 ## - LANGUAGE CODE
Language code of Book eng
082 ## - DEWEY DECIMAL CLASSIFICATION NUMBER
DDC Edition number 22
Classification number 822.33
Author mark and Year SHA 2002
100 ## - MAIN ENTRY--PERSONAL NAME
Personal name Shakespeare, William,
Titles and other words associated with a name 1564-1616
245 ## - TITLE STATEMENT
Title Macbeth /
Statement of responsibility, etc William Shakespeare
260 ## - PUBLICATION, DISTRIBUTION, ETC. (IMPRINT)
Place of publication, distribution, etc New Delhi :
Name of publisher, distributor, etc UBSPD Publishers Distributors Ltd.,
Date of publication, distribution, etc 2002.
300 ## - PHYSICAL DESCRIPTION
Pagination viii, 308 p. :
Dimensions 21 cm.
650 ## - SUBJECT ADDED ENTRY--TOPICAL TERM
Topical term or geographic name as entry element Macbeth,
Form subdivision Drama.
General subdivision King of Scotland,
Chronological subdivision active 11th century
942 ## - ADDED ENTRY ELEMENTS (KOHA)
Source of classification or shelving scheme Dewey Decimal Classification
Koha item type Books
Holdings
Source of classification or shelving scheme Damaged status Not for loan Home library Current library Shelving location Date of accession Cost, normal purchase price Total Checkouts Full call number Barcode Date last seen Copy number Koha item type
Dewey Decimal Classification     JCC Rouf Library JCC Rouf Library General Stacks 11/23/2017 200.00   822.33 SHA 2002 6125 11/23/2017 C- 1 Books

JCC Library | Contacts | JCC Home

Last Update on 23 September 2017
Copyright @ 2017-2020 JCC Rouf Library
Rouf Library, Jhenidah Cadet College (JCC), Bangladesh